| 000 | 00487nam a2200193Ia 4500 | ||
|---|---|---|---|
| 999 |
_c28216 _d28216 |
||
| 003 | OSt | ||
| 005 | 20251022110406.0 | ||
| 008 | 250310s9999||||xx |||||||||||||| ||und|| | ||
| 040 | _c. | ||
| 082 |
_a623.873 _bM6621 |
||
| 100 |
_91939 _aMilton, J. H. |
||
| 245 | 0 |
_aMarine steam boilers / _cJ. H. Milton |
|
| 250 | _a4th ed. | ||
| 260 |
_aLondon : _bButterworths, _c1980. |
||
| 300 | _a591 p. | ||
| 650 | 0 |
_9230 _aMarine Steam Boilers |
|
| 700 |
_92786 _aLeach, Roy M. |
||
| 942 |
_cBK _2ddc |
||